000 00623nam a2200217Ia 4500
008 131103s9999 xx 000 0 und d
020 _a0 671 00872 2
040 _aLoreto College
041 _aEnglish
082 _a822.91/SHA
_bLCLIB(Press)/23091
100 _aNickson, Richard
245 _aG B Shaw,s arms and the man
_cRichard Nickson
260 _aNew York
_bMonarch
_c1966
300 _a72p.
_c 22cm.
440 _aMonarch notes
504 _aIncludes bibliographical references
650 _aShaw,G B - Criticism & interpretations
651 _aEnglish drama
850 _aLCLIB/822.91/SHA
942 _cBK
999 _c24738
_d75217